000 00337nam a2200121Ia 4500
008 231228s1998 xx 000 0 und d
041 _aeng
082 _a658.4012
_bLAL
100 _aLAL (Subhash)
245 _aProfitability and Business Policy
260 _aNew Delhi
_bAnmol Publications Pvt Ltd New Delhi
_c1998
300 _aVIII,312
999 _c1083978
_d1083978